[Event "Reykjavik Open"]
[Site "Reykjavik ISL"]
[Date "2012.03.09"]
[Round "4.55"]
[White "Hynna,K"]
[Black "Doggers,P"]
[Result "0-1"]
[WhiteElo "1936"]
[BlackElo "2265"]

1.e4 c5 2.c3 Nf6 3.e5 Nd5 4.Nf3 e6 5.Bc4 d6 6.exd6 Bxd6 7.d4 cxd4 8.Bxd5 exd5
9.cxd4 O-O 10.O-O Nc6 11.h3 Bf5 12.Bd2 Re8 13.Qb3 Be4 14.Qxb7 Qf6 15.Bg5 Qg6
16.Nbd2 Rab8 17.Qd7 Bf5 18.Nh4 Bxd7 19.Nxg6 hxg6 20.Nb3 a5 21.Rfd1 a4 22.Nc5 Bxc5
23.dxc5 d4 24.b3 axb3 25.axb3 Rxb3  0-1

[Event "TCh-SVK Extraliga 2011-12"]
[Site "Slovakia SVK"]
[Date "2012.03.09"]
[Round "9.1"]
[White "Pacher,M"]
[Black "Markos,J"]
[Result "1-0"]
[WhiteElo "2403"]
[BlackElo "2596"]

1.e4 c5 2.c3 Nf6 3.e5 Nd5 4.d4 cxd4 5.Nf3 Nc6 6.Bc4 Nb6 7.Bb3 g6 8.Ng5 d5
9.exd6 e6 10.cxd4 Bg7 11.d5 exd5 12.Bxd5 O-O 13.O-O Nd4 14.Bf3 Qxd6 15.Nc3 Bf5
16.Bxb7 Rad8 17.Be4 Bxe4 18.Ngxe4 Qb4 19.Rb1 f5 20.Nd2 Rfe8 21.Re1 Qd6 22.Nf1 f4
23.Rxe8+ Rxe8 24.Nd2 Rf8 25.Qg4 f3 26.gxf3 Qc6 27.Kg2 Rf5 28.Qe4 Qd7 29.f4 Rf8
30.Nf1 Re8 31.Qd3 Re1 32.Bd2 Qc6+ 33.f3 Rxb1 34.Nxb1 Nd5 35.Nc3 Nb4 36.Qe4 Qd7
37.a3 Nbc6 38.Qd5+ Qxd5 39.Nxd5 Kf7 40.Bc3 Bh6 41.Kg3 Ne2+ 42.Kg4 Ncd4 43.Bxd4 Nxd4
44.Nfe3 Ke6 45.h4 Bg7 46.h5 gxh5+ 47.Kxh5 Nxf3 48.b4 Bf8 49.a4 Nd4 50.b5 Kd6
51.Nf6 Bg7 52.Ne8+  1-0

[Event "6th Agzamov Memorial"]
[Site "Tashkent UZB"]
[Date "2012.03.09"]
[Round "4"]
[White "Khamrakulov,D"]
[Black "Solodovnichenko,Y"]
[Result "1-0"]
[WhiteElo "2452"]
[BlackElo "2615"]

1.e4 c5 2.c3 Nf6 3.e5 Nd5 4.Nf3 Nc6 5.d4 cxd4 6.cxd4 d6 7.Bc4 e6 8.O-O Be7
9.exd6 Bxd6 10.Nc3 O-O 11.Re1 h6 12.Bb3 Nce7 13.Qd3 Bd7 14.Bc2 Nf6 15.Ne4 Nf5
16.Nxf6+ Qxf6 17.Ne5 Rfd8 18.g4 Bb5 19.Qe4 Nh4 20.f4 Rac8 21.Qh7+ Kf8 22.Be4 Rxc1
23.Raxc1 Qxf4 24.Qh8+ Ke7 25.Qxg7 Bd3 26.Nxd3 Qxh2+ 27.Kf1 Bf4 28.Nf2 Bxc1
29.Rxc1 Qf4 30.Rc3 Kd6 31.Ke2 b6 32.Qe5+ Qxe5 33.Rc6+ Kd7 34.dxe5 Ng6 35.Rd6+  1-0

[Event "TCh-CAT 2012"]
[Site "Catalunya ESP"]
[Date "2012.03.10"]
[Round "7.4"]
[White "Canal Oliveras,J"]
[Black "Jerez Perez,A"]
[Result "1/2-1/2"]
[WhiteElo "2237"]
[BlackElo "2409"]

1.e4 c5 2.c3 Nf6 3.e5 Nd5 4.d4 cxd4 5.Bc4 Qc7 6.Qe2 Nb6 7.Bd3 Nc6 8.Nf3 d5
9.exd6 Qxd6 10.Nxd4 Nxd4 11.cxd4 e6 12.Nc3 Be7 13.O-O O-O 14.Nb5 Qd8 15.Bf4 Nd5
16.Be5 Bd7 17.Rad1 Bxb5 18.Bxb5 Bf6 19.Bd3 Qe7 20.Be4 Rad8 21.Qf3 Rd7 22.Rd3 h6
23.Rc1 Rfd8 24.Rcd1 b6 25.a3 b5 26.g3 a5 27.h4 b4 28.Rc1 bxa3 29.bxa3 Bxe5
30.dxe5 Nb6 31.Rb3 Nd5 32.Rb5 a4 33.Rc4 Rc7 34.Rxc7 Qxc7 35.Bxd5 Rxd5 36.Rxd5 exd5
37.Qxd5 Qc1+ 38.Kg2 Qxa3 39.Qa8+ Kh7 40.Qe4+ Kg8 41.Qa8+ Kh7 42.Qe4+ Kg8  1/2-1/2

[Event "36th Blackpool Open"]
[Site "Blackpool ENG"]
[Date "2012.03.11"]
[Round "5"]
[White "Surtees,M"]
[Black "Broadley,Henry"]
[Result "1-0"]
[WhiteElo "2113"]
[BlackElo "1898"]

1.e4 c5 2.c3 Nf6 3.d3 Nc6 4.f4 e6 5.Nf3 d6 6.Na3 a6 7.c4 Rb8 8.Qe2 Qc7 9.g3 g6
10.b3 Bg7 11.Bb2 h5 12.h3 O-O 13.Bg2 Qa5+ 14.Kf2 Ne7 15.Rhd1 d5 16.exd5 Nf5
17.dxe6 Bxe6 18.Qd2 Qc7 19.Be5 Nd6 20.Qb2 Qe7 21.Nc2 Rbd8 22.Kg1 Nf5 23.Kh2 Rd7
24.d4 cxd4 25.Nfxd4 h4 26.Nxf5 Bxf5 27.gxh4 Rfd8 28.Rxd7 Rxd7 29.Ne3 Be6
30.Re1 Rd3 31.Qf2 Qc5 32.Qe2 Rd7 33.Rd1 Rxd1 34.Nxd1 b5 35.Ne3 Nh5 36.Nd5 Bxd5
37.Bxd5 Bxe5 38.fxe5 Nf4 39.Qd2 bxc4 40.bxc4 Nh5 41.Kg2 Qe7 42.Qg5 Qa3 43.Qxg6+  1-0

[Event "TCh-HUN 2011-12"]
[Site "Budapest HUN"]
[Date "2012.03.11"]
[Round "7"]
[White "Karacsony,A"]
[Black "Horvath,Zo1"]
[Result "1-0"]
[WhiteElo "2314"]
[BlackElo "2337"]

1.e4 c5 2.c3 Nf6 3.e5 Nd5 4.d4 cxd4 5.cxd4 e6 6.a3 d6 7.Nf3 Nc6 8.Bd3 Be7
9.O-O O-O 10.Qe2 Bd7 11.Qe4 f5 12.exf6 Nxf6 13.Qh4 Qe8 14.Bg5 h6 15.Bxf6 Rxf6
16.Qe4 g6 17.Nc3 Qf7 18.d5 Nd8 19.dxe6 Bxe6 20.Qe3 Bf8 21.Ne4 Rf4 22.Rac1 Bd5
23.Rc7 Qxc7 24.Qxf4 Qf7 25.Nf6+ Kg7 26.Nxd5 Qxd5 27.Bxg6 Kxg6 28.Qxf8 b6
29.Nh4+ Kh5 30.g3 Nf7 31.Qg7 Ne5 32.Ng2 Nf3+ 33.Kh1 Ng5 34.f3  1-0

[Event "Reykjavik Open"]
[Site "Reykjavik ISL"]
[Date "2012.03.12"]
[Round "8.4"]
[White "Baklan,V"]
[Black "Hou Yifan"]
[Result "0-1"]
[WhiteElo "2612"]
[BlackElo "2639"]

1.e4 c5 2.c3 Nf6 3.e5 Nd5 4.Nf3 Nc6 5.Bc4 e6 6.O-O d6 7.d4 cxd4 8.cxd4 Be7
9.Qe2 O-O 10.Rd1 Na5 11.b3 Bd7 12.Bxd5 exd5 13.Nc3 Be6 14.Ba3 a6 15.h3 Re8
16.Qd3 Nc6 17.Re1 h6 18.Rac1 Rc8 19.exd6 Bxd6 20.Bxd6 Qxd6 21.Ne5 Ne7 22.Qd2 Nf5
23.Ne2 Rxc1 24.Rxc1 f6 25.Nf3 Bf7 26.Re1 h5 27.Nc3 Rc8 28.Na4 b5 29.Qd3 Qf4
30.Nc5 Nxd4 31.Nxd4 Rxc5 32.g3 Qc7 33.Qd2 Qc8 34.Kh2 Bg6 35.Re7 Rc7 36.Nf5 Qd8
37.Rxc7 Qxc7 38.Qxd5+ Kh7 39.Ne3 Qa5 40.a4 Qe1 41.Qf3 b4 42.g4 h4 43.Nf5 Bf7
44.Nxh4 Qe5+ 45.Kg1 Qd5 46.Qe2 Qxb3 47.Qe4+ g6 48.Qe7 Kg7 49.g5 fxg5 50.Qe5+ Kh7
51.Qxg5 Qd1+ 52.Kh2 Qd6+ 53.Kg1 b3 54.Qc1 Qf6 55.Qc7 b2 56.Qb7 Kh6 57.Nf3 Ba2  0-1

[Event "Reykjavik Open"]
[Site "Reykjavik ISL"]
[Date "2012.03.12"]
[Round "8.46"]
[White "Hynna,K"]
[Black "Arjun,B"]
[Result "0-1"]
[WhiteElo "1936"]
[BlackElo "2210"]

1.e4 c5 2.c3 Nf6 3.e5 Nd5 4.Nf3 Nc6 5.Bc4 Nb6 6.Bb3 c4 7.Bc2 d6 8.exd6 Qxd6
9.O-O Bg4 10.Qe2 Qf6 11.b3 Bxf3 12.Qxf3 Qxf3 13.gxf3 O-O-O 14.bxc4 Nxc4 15.d4 e6
16.Nd2 Nxd2 17.Bxd2 Be7 18.a4 Bf6 19.Rfb1 b6 20.Be4 Na5 21.Bd3 h6 22.Rb2 Bg5
23.f4 Bf6 24.Rab1 Rd7 25.f5 e5 26.Ba6+ Kc7 27.c4 exd4 28.Bxa5 bxa5 29.Rb7+ Kc6
30.Rxd7 Kxd7 31.Rb5 Rd8 32.Rxa5 Kc6 33.Kf1 Kb6 34.Rb5+ Kxa6 35.Ke1 d3 36.c5 d2+
37.Kd1 Bc3  0-1

[Event "Reykjavik Open"]
[Site "Reykjavik ISL"]
[Date "2012.03.13"]
[Round "9.30"]
[White "Zumsande,M"]
[Black "Einarsson,H"]
[Result "1-0"]
[WhiteElo "2439"]
[BlackElo "2239"]

1.e4 c5 2.c3 Nf6 3.e5 Nd5 4.d4 cxd4 5.Nf3 Nc6 6.cxd4 d6 7.Bc4 Nb6 8.Bb5 dxe5
9.Nxe5 Bd7 10.Nxd7 Qxd7 11.Nc3 Rd8 12.O-O e6 13.Be3 Be7 14.Qf3 O-O 15.Rfd1 Nd5
16.Rac1 a6 17.Ba4 b5 18.Nxd5 exd5 19.Bc2 g6 20.Bd3 Rc8 21.Bf1 Nb4 22.a3 Nc6
23.b4 Nb8 24.g3 Qe6 25.Bg2 Rfd8 26.Rxc8 Qxc8 27.Rc1 Qe6 28.h4 Nc6 29.Kh2 a5
30.Bh6 f5 31.Bf1 axb4 32.axb4 Rb8 33.Bf4 Rb7 34.Qa3 Qd7 35.Qa8+ Kg7 36.Bxb5 Rxb5
37.Rxc6 Rxb4 38.Rc7 Qe6 39.Bg5  1-0

[Event "6th Agzamov Memorial"]
[Site "Tashkent UZB"]
[Date "2012.03.13"]
[Round "8"]
[White "Dzhumaev,M"]
[Black "Farid,F"]
[Result "1/2-1/2"]
[WhiteElo "2494"]
[BlackElo "2251"]

1.e4 c5 2.c3 Nf6 3.e5 Nd5 4.Nf3 Nc6 5.d4 cxd4 6.Bc4 Nb6 7.Bb3 d5 8.exd6 Qxd6
9.O-O Bf5 10.Nxd4 Nxd4 11.cxd4 e6 12.Nc3 Be7 13.d5 exd5 14.Nxd5 Nxd5 15.Qxd5 Qxd5
16.Bxd5 O-O 17.Bf4 Bf6 18.Rad1 Bxb2 19.Bxb7 Rad8 20.Bc7 Rxd1 21.Rxd1 Re8
22.h3 h6 23.Bd5 Re7 24.Bb8 Be5 25.Bxe5 Rxe5 26.Rd4 Be6 27.Bxe6 Rxe6 28.Ra4 a6
29.f4 f5 30.Ra5 g6 31.Kf2 Kf7 32.g4 Kf6 33.gxf5 gxf5 34.Ra3 Kg6 35.Ra5 Kf6
36.Kg3 Kg6 37.Kh4 Rc6 38.Ra3 Rb6 39.Ra4 Re6 40.Rd4 a5 41.Rc4 Re4 42.Rc6+ Kg7
43.Rc7+ Kg6 44.Rc6+  1/2-1/2

[Event "e2e4 High Wycombe Open"]
[Site "High Wycombe ENG"]
[Date "2012.03.17"]
[Round "2"]
[White "Steil Antoni,F"]
[Black "Wells,P"]
[Result "1/2-1/2"]
[WhiteElo "2144"]
[BlackElo "2499"]

1.e4 c5 2.c3 Nf6 3.e5 Nd5 4.d4 cxd4 5.cxd4 b6 6.Nc3 Nxc3 7.bxc3 Qc7 8.Bd2 e6
9.f4 Nc6 10.Bd3 Bb7 11.Nf3 Na5 12.Qe2 Bd5 13.O-O Bc4 14.Ng5 Bxd3 15.Qxd3 g6
16.Ne4 Be7 17.g4 Nc4 18.Rae1 O-O-O 19.Bc1 h5 20.f5 hxg4 21.fxg6 f5 22.Ng3 Rdg8
23.d5 Qc5+ 24.Kg2 Rxg6 25.a4 Rg7 26.Rf4 Rgh7 27.Rxc4 Rxh2+ 28.Kf1 Rf2+ 29.Kg1 Rd2+
30.Qd4 Rxd4 31.Rxc5+ Bxc5 32.cxd4 Bxd4+ 33.Kg2 Kb7 34.Bf4 Rc8 35.Re2 Rc4
36.Nh5 exd5 37.Ng7 Bc5 38.Kg3 Rc3+ 39.Kh4 Rf3 40.Kg5 d4 41.Nxf5 d3 42.Rd2 Bb4
43.Rd1 d2 44.Kxg4 Ra3 45.Nd6+ Bxd6 46.exd6 Rxa4 47.Rxd2 b5 48.Kf5 Rc4 49.Ra2 a6
50.Be5 b4 51.Kf6 Kb6 52.Re2 a5 53.Ke7 Kc6 54.Ra2 Rc5 55.Bf6 b3 56.Ra1 Rc2
57.Rxa5 Re2+ 58.Kd8 Kxd6  1/2-1/2

[Event "ch-Moscow Final 2012"]
[Site "Moscow RUS"]
[Date "2012.03.17"]
[Round "8"]
[White "Babikov,I"]
[Black "Kozhevnikov,Ivan"]
[Result "1-0"]
[WhiteElo "2325"]
[BlackElo "2031"]

1.e4 c5 2.c3 Nf6 3.e5 Nd5 4.Nf3 Nc6 5.d4 cxd4 6.Bc4 Nb6 7.Bb3 d5 8.exd6 e6
9.cxd4 Bxd6 10.Nc3 O-O 11.O-O Bd7 12.a3 Rc8 13.Qd3 Be7 14.Bc2 g6 15.Bh6 Re8
16.Rfe1 Nd5 17.Bb3 Nxc3 18.bxc3 Na5 19.Ba2 b5 20.Ne5 Bf6 21.Qf3 Bxe5 22.dxe5 Qh4
23.Qe3 Nc6 24.Rad1 Rc7 25.Rd6 Qd8 26.Red1 Ne7 27.Qd2 Nf5 28.Bg5 Qc8 29.Rxd7 Rxc3
30.Rd8 Rxd8 31.Qxd8+ Qxd8 32.Rxd8+ Kg7 33.g4 h6 34.Bf6+  1-0

[Event "TCh-CZE Liga1 Vychod"]
[Site "Czech Rep CZE"]
[Date "2012.03.18"]
[Round "10"]
[White "Bazant,P jr"]
[Black "Michenka,J"]
[Result "1/2-1/2"]
[WhiteElo "2370"]
[BlackElo "2346"]

1.e4 c5 2.c3 Nf6 3.e5 Nd5 4.d4 cxd4 5.Nf3 Nc6 6.cxd4 d6 7.exd6 Qxd6 8.Nc3 Bg4
9.Be2 e6 10.O-O Be7 11.h3 Bh5 12.Qb3 Nb6 13.d5 exd5 14.Rd1 O-O 15.Nxd5 Nxd5
16.Rxd5 Qe6 17.Be3 Bg6 18.Bc4 Qc8 19.Ne5 Be4 20.Rb5 Qe8 21.Nxc6 Bxc6 22.Re5 Qd7
23.Rd1 Qc7 24.Rf5 Bf6 25.Bc5 Rfd8 26.Rc1 Be4 27.Rxf6 gxf6 28.Qe3 Bg6 29.Be7 Qe5
30.Bxd8 Qxe3 31.fxe3 Rxd8 32.Re1 Be4 33.Kf2 a6 34.g3 Rd2+ 35.Re2 Rd1 36.Re1 Rd2+
37.Re2  1/2-1/2

[Event "e2e4 High Wycombe Open"]
[Site "High Wycombe ENG"]
[Date "2012.03.18"]
[Round "5"]
[White "Wang,Xingliang Anna"]
[Black "Cairns,Stephen"]
[Result "1-0"]
[WhiteElo "1755"]
[BlackElo "2098"]

1.e4 c5 2.c3 Nf6 3.e5 Nd5 4.d4 cxd4 5.Nf3 Nc6 6.cxd4 d6 7.Bc4 Nb6 8.Bb3 dxe5
9.dxe5 Qxd1+ 10.Bxd1 g6 11.O-O Bg7 12.Re1 Nc4 13.Ba4 Bd7 14.Nc3 N4xe5 15.Nxe5 Nxe5
16.Bxd7+ Kxd7 17.Bf4 Nc6 18.Rad1+ Kc8 19.Nd5 e5 20.Bg5 f5 21.Rc1 h6 22.Be7 Kd7
23.Ba3 Rac8 24.Rcd1 Nd4 25.Ne7 Rc2 26.Nxg6 Re8 27.Ne7 Kc7 28.Nd5+ Kd8 29.Ne3 Rc7
30.Nxf5 Rd7 31.Nxg7 Rxg7 32.Bc5 Rd7 33.Bxa7 Nc6 34.Bb6+ Kc8 35.Rxd7 Kxd7
36.Rd1+ Ke6 37.Bc5 Nd4 38.Bxd4 Rd8 39.Kf1 exd4 40.Ke2 Kd5 41.Kd3 Rg8 42.g3 Rf8
43.f4 Re8 44.Rf1 Re3+ 45.Kd2 h5 46.f5 h4 47.f6 Re8 48.f7 Rf8 49.g4 Ke6 50.Kd3  1-0

[Event "TCh-AUT 2 Ost 2011-12"]
[Site "Vienna AUT"]
[Date "2012.03.18"]
[Round "9"]
[White "Zojer,S"]
[Black "Wolfram,D"]
[Result "1-0"]
[WhiteElo "2065"]
[BlackElo "2152"]

1.e4 c5 2.c3 Nf6 3.e5 Nd5 4.d4 cxd4 5.Nf3 d6 6.cxd4 Nc6 7.Bc4 dxe5 8.Nxe5 e6
9.O-O Be7 10.Bb5 Bd7 11.Nxd7 Qxd7 12.Be3 a6 13.Ba4 O-O 14.Nc3 b5 15.Bc2 Ncb4
16.Bb3 Rac8 17.Ne4 Rfd8 18.a3 Nc6 19.Rc1 Qb7 20.Qf3 Na5 21.Bc2 Nf6 22.b4 Nc6
23.Nxf6+ Bxf6 24.Be4 Rd6 25.Bf4 Rxd4 26.Bxc6 Qe7 27.Bb7 Rcd8 28.Bxa6 Rd3
29.Qc6 e5 30.Be3 Rxa3 31.Bc5 Qe8 32.Bxb5 Qxc6 33.Bxc6 g6 34.b5 Rb3 35.b6 Rc8
36.Bd5 Rb5 37.b7 Rb8 38.Bd6 R5xb7 39.Bxb7 Rxb7 40.Rc8+  1-0

[Event "Caissa GM March 2012"]
[Site "Kecskemet HUN"]
[Date "2012.03.20"]
[Round "4.3"]
[White "Sipos,I"]
[Black "Groszpeter,A"]
[Result "0-1"]
[WhiteElo "2447"]
[BlackElo "2483"]

1.e4 c5 2.c3 Nf6 3.e5 Nd5 4.Nf3 d6 5.d4 cxd4 6.cxd4 e6 7.Bc4 Nb6 8.Bd3 Nc6
9.O-O dxe5 10.dxe5 Nb4 11.Be4 Qxd1 12.Rxd1 Be7 13.Nc3 a6 14.a3 Nc6 15.Bf4 Bd7
16.Rac1 Rd8 17.h4 O-O 18.Ne2 Na5 19.Bg5 Bxg5 20.hxg5 Bc6 21.Ng3 Rxd1+ 22.Rxd1 Bd5
23.Bxd5 Nxd5 24.Rc1 Nc6 25.Ne4 Nf4 26.Rd1 Rd8 27.Nd6 b5 28.a4 Ng6 29.axb5 axb5
30.Re1 Ncxe5 31.Nxe5 Rxd6 32.Rc1 Rd8 33.Nxg6 hxg6 34.Rc5 Rd5  0-1

[Event "13th EICC"]
[Site "Plovdiv BUL"]
[Date "2012.03.20"]
[Round "1.113"]
[White "Boehnisch,M"]
[Black "Damljanovic,B"]
[Result "0-1"]
[WhiteElo "2291"]
[BlackElo "2582"]

1.e4 c5 2.c3 Nf6 3.e5 Nd5 4.d4 cxd4 5.cxd4 d6 6.Bc4 Nb6 7.Bb5+ Bd7 8.e6 fxe6
9.Bd3 g6 10.Nf3 Nd5 11.h4 Nf6 12.h5 gxh5 13.Ng5 Nc6 14.Bxh7 Qa5+ 15.Bd2 Qd5
16.Bg6+ Kd8 17.Nf7+ Kc8 18.Nxh8 Qxg2 19.Rh4 Bg7 20.Qe2 Bxh8 21.Bxh5 Nxh5
22.Rxh5 Bxd4 23.Bc3 Qg1+ 24.Kd2 Kc7 25.Bxd4 Nxd4 26.Qc4+ Nc6 27.Qf4 Rg8 28.Qe3 e5
29.Qe1 Qg4 30.Rh1 Qd4+ 31.Kc1 Rg2 32.Nc3 Nb4 33.Qe3 Qxe3+  0-1

[Event "13th EICC"]
[Site "Plovdiv BUL"]
[Date "2012.03.21"]
[Round "2.54"]
[White "Godena,M"]
[Black "Kempinski,R"]
[Result "1/2-1/2"]
[WhiteElo "2508"]
[BlackElo "2610"]

1.e4 c5 2.c3 Nf6 3.e5 Nd5 4.Bc4 Nb6 5.Be2 Nc6 6.Nf3 d6 7.exd6 e5 8.d4 cxd4
9.cxd4 exd4 10.Nxd4 Bxd6 11.Nc3 O-O 12.Be3 Nb4 13.Ndb5 Be7 14.Qxd8 Rxd8 15.O-O Nc2
16.Bxb6 axb6 17.Rad1 Bd7 18.a3 Bxb5 19.Nxb5 Bf6 20.Rxd8+ Rxd8 21.Rd1 Rxd1+
22.Bxd1 Nd4 23.Nxd4 Bxd4 24.b3 b5 25.Bf3 b6 26.Bc6 Bb2 27.Bxb5 Bxa3 28.Bc4 Bc5
29.h4 h5 30.g3 g6 31.Kg2 Kg7 32.Kf3 f5 33.Bb5 Kf6 34.Be8 Bb4 35.Ke3 Bc5+
36.Kf3 Bb4 37.Ke3 Bc5+ 38.Kf4 Bb4 39.Ke3  1/2-1/2

[Event "13th EICC"]
[Site "Plovdiv BUL"]
[Date "2012.03.22"]
[Round "3.88"]
[White "Abdulov,Or"]
[Black "Kozul,Z"]
[Result "0-1"]
[WhiteElo "2387"]
[BlackElo "2602"]

1.e4 c5 2.c3 Nf6 3.e5 Nd5 4.Nf3 e6 5.Bc4 d6 6.d4 cxd4 7.cxd4 Be7 8.O-O O-O
9.Qe2 b6 10.Nc3 Nxc3 11.bxc3 Bb7 12.Bf4 Qc7 13.Bd3 Nd7 14.Rac1 Bxf3 15.Qxf3 dxe5
16.dxe5 g6 17.Rfe1 Rfd8 18.Qg3 Nc5 19.Bc2 Rd7 20.h4 Qd8 21.Re3 Bxh4 22.Qg4 Be7
23.Rh3 Nd3 24.Be3 Rc8 25.Bd4 Nxc1  0-1

[Event "13th EICC"]
[Site "Plovdiv BUL"]
[Date "2012.03.22"]
[Round "3.159"]
[White "Ali Marandi,C"]
[Black "Henseler,J"]
[Result "1-0"]
[WhiteElo "2315"]
[BlackElo "2071"]

1.e4 c5 2.c3 Nf6 3.e5 Nd5 4.d4 cxd4 5.cxd4 Nc6 6.Nf3 d6 7.Bc4 Nb6 8.Bb5 dxe5
9.Nxe5 Bd7 10.Bxc6 Bxc6 11.Nxc6 bxc6 12.O-O e6 13.Qg4 Nd5 14.Nc3 h5 15.Qe2 Be7
16.Bd2 Qb6 17.Be3 Rb8 18.Qf3 O-O 19.Na4 Qb5 20.b3 Rbc8 21.Rac1 Rfd8 22.Nc5 Nf6
23.Rfd1 Rd5 24.Nd3 Bd6 25.h3 Rf5 26.Qe2 Rd5 27.Rc4 Nd7 28.Qc2 Qa6 29.Nb2 Nb6
30.Rxc6 Rxc6 31.Qxc6 Qxa2 32.Qc3 Qa5 33.Qc2 Be7 34.Nc4 Qb5 35.Ra1 Qd7 36.Ne5 Qc8
37.Qe2 a5 38.Qxh5 f6 39.Qf7+ Kh7 40.Qxe7 fxe5 41.dxe5 Nd7 42.Rc1 Qb7 43.Rc4 Rxe5
44.Rg4  1-0

[Event "TCh-CAT 2012"]
[Site "Catalunya ESP"]
[Date "2012.03.24"]
[Round "9.2"]
[White "Pablo Marin,A"]
[Black "Cruz,Cr"]
[Result "1/2-1/2"]
[WhiteElo "2392"]
[BlackElo "2508"]

1.e4 c5 2.c3 Nf6 3.e5 Nd5 4.g3 d6 5.Nf3 Nc6 6.exd6 Qxd6 7.Bg2 Qe6+ 8.Kf1 Qd7
9.Na3 g6 10.d4 Bg7 11.dxc5 O-O 12.Kg1 Rd8 13.h3 b6 14.Kh2 bxc5 15.Qa4 Bb7
16.Rd1 Qc7 17.Qh4 Ne5 18.Nxe5 Bxe5 19.Nc4 Bh8 20.Bh6 Rd7 21.Rd2 Nb6 22.Rad1 Rxd2
23.Rxd2 Bf6 24.Qg4 Bxg2 25.Kxg2 Bg7 26.Bxg7 Kxg7 27.Ne3 Qe5 28.Qf3 Rb8 29.Ng4 Qg5
30.Qe3 Qxe3 31.Nxe3 Kf6 32.h4 e6 33.f4 Ke7 34.Kf3 Rb7 35.Ke4 f6 36.Kf3  1/2-1/2

[Event "13th EICC"]
[Site "Plovdiv BUL"]
[Date "2012.03.24"]
[Round "5.164"]
[White "Stamnov,A"]
[Black "Henseler,J"]
[Result "1-0"]
[WhiteElo "2184"]
[BlackElo "2071"]

1.e4 c5 2.c3 Nf6 3.e5 Nd5 4.d4 cxd4 5.Nf3 Nc6 6.Bc4 Nb6 7.Bb3 d5 8.exd6 Qxd6
9.O-O Be6 10.Bxe6 Qxe6 11.Nxd4 Nxd4 12.Qxd4 Rd8 13.Qh4 Qc6 14.Re1 e6 15.Qg3 h5
16.h4 Nc4 17.Na3 Nd6 18.Qe5 a6 19.Bf4 Kd7 20.Rad1 Kc8 21.Rd4 b5 22.c4 f6
23.Qxe6+ Kb7  1-0

[Event "13th EICC"]
[Site "Plovdiv BUL"]
[Date "2012.03.24"]
[Round "5.155"]
[White "Rigopoulos Tsigkos,A"]
[Black "Videnova,I"]
[Result "0-1"]
[WhiteElo "2095"]
[BlackElo "2301"]

1.e4 c5 2.c3 Nf6 3.e5 Nd5 4.d4 cxd4 5.Nf3 d6 6.cxd4 e6 7.a3 Bd7 8.Bd3 Bc6
9.O-O Nd7 10.Re1 h6 11.Nc3 Nxc3 12.bxc3 dxe5 13.Nxe5 Nxe5 14.Rxe5 Bd6 15.Re1 O-O
16.Qg4 f5 17.Qe2 Rf6 18.Bc4 Be4 19.f3 Bd5 20.Bxd5 exd5 21.Qb5 Rf7 22.Bd2 a6
23.Qb3 Rc8 24.Re2 Rc4 25.Rae1 Kh7 26.Re6 b5 27.g3 Re7 28.Qc2 g6 29.Qd3 Rcc7
30.a4 Qe8 31.Rxe7+ Rxe7 32.Rxe7+ Bxe7 33.Qe3 bxa4 34.c4 Qf8 35.c5 Bg5 36.f4 Bf6
37.Bc3 Qc8 38.Bb4 Kg8 39.Qc3 Qc6 40.Ba3 Kf7 41.Bb2 Ke6 42.Kf2 Kd7 43.h3 Qb5
44.Ba3 Bd8 45.Qe1 Bf6 46.Qc3 h5 47.h4 Bd8 48.Qe1 Bc7 49.Qe3 Qb3 50.c6+ Kxc6
51.Qe6+ Kb7 52.Qe7 Qc2+ 53.Kg1 Qd1+ 54.Kh2 Qd2+ 55.Kh3 Qxd4 56.Bd6 Qb6 57.Bxc7 Qxc7
58.Qb4+ Qb6 59.Qxa4 Qb5 60.Qd4 Qf1+ 61.Kh2 Qe2+ 62.Kh3 Qe4 63.Qb2+ Kc6 64.Qc3+ Kb5
65.Qb3+ Kc5 66.Qa3+ Kd4 67.Qb4+ Kd3 68.Qb3+ Kd2 69.Qa2+ Ke1 70.Qa1+ Kf2 71.Qb2+ Qe2
72.Qd4+ Kf1 73.Qa1+ Qe1 74.Qxa6+ Kg1 75.Qb6+ Qf2  0-1

[Event "Caissa IM March 2012"]
[Site "Kecskemet HUN"]
[Date "2012.03.25"]
[Round "10.3"]
[White "Gupta,B"]
[Black "Padhya,S"]
[Result "1/2-1/2"]
[WhiteElo "2077"]
[BlackElo "2187"]

1.e4 c5 2.c3 Nf6 3.e5 Nd5 4.d4 cxd4 5.Nf3 Nc6 6.Bc4 Nb6 7.Bb3 d5 8.exd6 Qxd6
9.Na3 Be6 10.O-O dxc3 11.Nb5 Qxd1 12.Rxd1 Rc8 13.Bxe6 fxe6 14.Nxc3 g6 15.Ng5 e5
16.Ne6 Nd4 17.Nxd4 exd4 18.Rxd4 Bg7 19.Rb4 O-O 20.Be3 Rxc3 21.bxc3 Bxc3 22.Rxb6 axb6
23.Rc1  1/2-1/2

[Event "13th EICC"]
[Site "Plovdiv BUL"]
[Date "2012.03.27"]
[Round "7.127"]
[White "Schneider,Ve"]
[Black "Ivanov,Al3"]
[Result "1-0"]
[WhiteElo "2312"]
[BlackElo "2424"]

1.e4 c5 2.c3 Nf6 3.e5 Nd5 4.Nf3 Nc6 5.d4 cxd4 6.cxd4 d6 7.Bc4 e6 8.O-O Be7
9.Re1 O-O 10.exd6 Qxd6 11.Nc3 Nf6 12.a3 Rd8 13.Be3 b6 14.Qe2 Bb7 15.Rad1 Na5
16.Ba2 Nd5 17.Nb5 Qb8 18.Ne5 Nc6 19.Bc1 Nxe5 20.dxe5 a6 21.Nd4 Qc7 22.Qg4 Bf8
23.Bg5 Re8 24.Rd3 g6 25.Rh3 Bg7 26.Qh4 h5 27.Bxd5 Bxd5 28.Qf4 f5 29.Rc3 Qd7
30.Bh6 Bh8 31.Nf3 Rac8 32.Nh4 Rxc3 33.bxc3 Qf7 34.c4 Be4 35.f3 Bb7 36.Qd4 Kh7
37.Bf4 Qc7 38.Rd1 Bg7 39.Qd7 Re7 40.Qd6 b5 41.cxb5 axb5 42.Bg5 Qxd6 43.Rxd6 Rf7
44.Rxe6 Bc8 45.Rc6 Bd7 46.Rxg6 Bxe5 47.Rh6+ Kg7 48.Rxh5 Bd4+ 49.Kf1 Be6 50.Bh6+ Kf6
51.g3 Rc7 52.Bg5+ Kg7 53.Rh6 Bc4+ 54.Kg2 Bd3 55.Rd6 Rc2+ 56.Kh1 Rc4 57.Bf4 Kf7
58.Ng2 Be2 59.Nh4 Bf2 60.Rd2 Bf1 61.Rxf2 Bh3 62.Ng2 Rc3 63.Ne1 Rxa3 64.Rb2 Ra1
65.Bd2  1-0

[Event "13th EICC"]
[Site "Plovdiv BUL"]
[Date "2012.03.27"]
[Round "7.135"]
[White "Boehnisch,M"]
[Black "Kotronias,V"]
[Result "0-1"]
[WhiteElo "2291"]
[BlackElo "2597"]

1.e4 c5 2.c3 Nf6 3.e5 Nd5 4.d4 cxd4 5.cxd4 e6 6.Nc3 Nxc3 7.bxc3 d6 8.Nf3 Nd7
9.Bb5 a6 10.Bxd7+ Bxd7 11.O-O Be7 12.Ba3 Bb5 13.Re1 O-O 14.d5 dxe5 15.d6 Bf6
16.Nxe5 Bxe5 17.Rxe5 Qd7 18.Qd4 f6 19.Re3 Rac8 20.Bc5 e5 21.Qb4 Rf7 22.a4 a5
23.Qa3 Bxa4 24.Bb6 Bc6 25.Bxa5 Ra8 26.Rb1 Qg4 27.f3 Qg5 28.Re4 Bxe4 29.fxe4 b6
30.d7 Qe3+ 31.Kh1 Qd3  0-1

[Event "28th Budapest Spring Festival"]
[Site "Budapest HUN"]
[Date "2012.03.28"]
[Round "3.2"]
[White "Brustkern,J"]
[Black "Farago,S"]
[Result "0-1"]
[WhiteElo "2229"]
[BlackElo "2296"]

1.e4 c5 2.c3 Nf6 3.e5 Nd5 4.d4 cxd4 5.Nf3 Nc6 6.cxd4 e6 7.Bc4 Nb6 8.Bb3 d5
9.O-O Be7 10.Nc3 Na5 11.Bc2 Bd7 12.Ne1 Qc7 13.Qg4 Bf8 14.Bd3 a6 15.Nf3 h6
16.Be3 Nac4 17.Rac1 Bc6 18.b3 Nxe3 19.fxe3 O-O-O 20.a4 Kb8 21.Ne2 Qd7 22.Nf4 g6
23.Rc2 Ba3 24.Ra1 Bb4 25.Bf1 Rc8 26.Nd3 Qe7 27.Nfe1 Nd7 28.Qd1 Ba5 29.b4 Bxb4
30.Nxb4 Qxb4 31.Bxa6 Qa5 32.Bd3 Rc7 33.Bb5 Rhc8 34.Rb2 Nb6 35.Rb3 Nc4 36.Kf2 Nd2
37.Rb2 Ne4+ 38.Kg1 Nc3 39.Qd2 Bxb5 40.Rxb5 Qa6 41.Rb2 Ne4 42.Qd1 Rc3 43.Nc2 Qc4
44.Na3 Rxa3 45.Rxa3 Qc1  0-1

[Event "13th EICC"]
[Site "Plovdiv BUL"]
[Date "2012.03.28"]
[Round "8.96"]
[White "Petrisor,A"]
[Black "Jankovic,A"]
[Result "1/2-1/2"]
[WhiteElo "2383"]
[BlackElo "2553"]

1.e4 c5 2.c3 Nf6 3.e5 Nd5 4.d4 cxd4 5.Nf3 d6 6.cxd4 dxe5 7.dxe5 Bg4 8.Be2 Nc6
9.O-O e6 10.Qa4 Bxf3 11.Bxf3 Qd7 12.Rd1 Rd8 13.Nc3 Nxe5 14.Qxd7+ Rxd7 15.Bxd5 exd5
16.Re1 Re7 17.Bg5 Re6 18.Nxd5 Kd7 19.Rad1 Bd6 20.Ne3 Kc8 21.f4 Bb4 22.fxe5 Bxe1
23.Rxe1 Rxe5 24.Bf4 Re4 25.Bg3 Rd8 26.Rc1+ Kd7 27.Nf5 Ke6 28.Nxg7+ Kf6 29.Nh5+ Kg5
30.Bc7 Rd2 31.Ng3 Re6 32.b4 Rxa2 33.Rc5+ Kg6 34.h4 f6 35.b5 Re1+ 36.Kh2 Ra4
37.h5+ Kf7 38.Nf5 b6 39.Rc6 Rf1 40.Ne3 Rb1 41.Nf5 Rf1 42.Ne3 Rb1 43.Nf5 Rf1  1/2-1/2

[Event "13th EICC"]
[Site "Plovdiv BUL"]
[Date "2012.03.29"]
[Round "9.137"]
[White "Izzat,Kanan"]
[Black "Fedorovsky,M"]
[Result "1-0"]
[WhiteElo "2319"]
[BlackElo "2395"]

1.e4 c5 2.c3 Nf6 3.e5 Nd5 4.d4 cxd4 5.Nf3 Nc6 6.cxd4 d6 7.Bc4 Nb6 8.Bb5 dxe5
9.Nxe5 Bd7 10.Nxd7 Qxd7 11.Nc3 e6 12.O-O Be7 13.Qg4 O-O 14.Bxc6 bxc6 15.Bh6 Bf6
16.Rfd1 Qe7 17.Ne4 Nd5 18.Rac1 Rfc8 19.Bf4 Nxf4 20.Qxf4 Qd8 21.Nxf6+ Qxf6
22.Qxf6 gxf6 23.Rc4 Rab8 24.b3 Kf8 25.f4 Ke7 26.Kf2 Rb5 27.Rdc1 Kd6 28.Ke3 Rh5
29.h3 Rb5 30.Rc5 a6 31.g4 Rc7 32.R1c3 Rc8 33.a3 Rc7 34.b4 Rc8 35.Kf3 Rc7
36.Kg3 Rb8 37.Rh5 Rh8 38.Kf3 Kd7 39.Ke4 Kd6 40.Rcc5 Rcc8 41.Ra5 Ra8 42.Rh6 Ke7
43.f5 Ra7 44.fxe6 fxe6 45.Rah5 Rha8 46.g5 Kd8 47.gxf6 a5 48.Rxh7 axb4 49.Rxa7 Rxa7
50.axb4 Rb7  1-0

[Event "European Senior Teams 2012"]
[Site "Rogaska Slatina SLO"]
[Date "2012.03.29"]
[Round "3.19"]
[White "Fleuch,HJ"]
[Black "Andersson,Ka"]
[Result "1/2-1/2"]
[WhiteElo "2078"]
[BlackElo "2058"]

1.e4 c5 2.c3 Nf6 3.e5 Nd5 4.d4 cxd4 5.Nf3 Nc6 6.cxd4 d6 7.Be2 dxe5 8.Nxe5 Nxe5
9.dxe5 e6 10.O-O Bd7 11.Qb3 Bc6 12.Qg3 g6 13.Nd2 Ne7 14.Qf4 Nf5 15.Ne4 Bg7
16.Rd1 Qc7 17.Nd6+  1/2-1/2

[Event "European Senior Teams 2012"]
[Site "Rogaska Slatina SLO"]
[Date "2012.03.30"]
[Round "4.11"]
[White "Schrickx,F"]
[Black "Reuben,S"]
[Result "1-0"]
[WhiteElo "1874"]
[BlackElo "2115"]

1.e4 c5 2.c3 Nf6 3.e5 Nd5 4.d4 cxd4 5.cxd4 d6 6.Nf3 Nc6 7.Bc4 Nb6 8.Bb5 a6
9.Bxc6+ bxc6 10.O-O Bg4 11.h3 Bh5 12.Qb3 e6 13.Bg5 Qc7 14.Nbd2 h6 15.Bh4 Nd5
16.Rac1 Be7 17.Bxe7 Nxe7 18.Ne4 dxe5 19.Nxe5 O-O 20.Qa4 Rfc8 21.g4 Bg6 22.Nc5 a5
23.Qd1 Qd6 24.Qd2 f6 25.Nc4 Qd5 26.Nb6 Qf3 27.Rc3  1-0